| 000 | 01180nam a22002177a 4500 | ||
|---|---|---|---|
| 003 | OSt | ||
| 005 | 20260122200054.0 | ||
| 008 | 230517b ||||| |||| 00| 0 eng d | ||
| 040 | _cOst | ||
| 041 | _ashan | ||
| 082 | _a895.9198 | ||
| 245 |
_aႁူမ်ႈႁႅင်းၵိုၼ်းမၢႆ-2၊ _bႁူမ်ႈသၢင်ႈၸႂ်ပႅင်းပဵၼ်ႁဵၼ်ႁႅင်းတၵ်းၵိုၼ်းၵိုၵ်းထိုင်လႅင်း _cၸုမ်းပွင်ၵၢၼ်လိၵ်ႈလၢႆးဝတ်ႉၵွင်းမူးၶမ်းဝဵင်းမူႇၸေႊ ၶပ်းၶိုင်- |
||
| 260 |
_aဝဵင်းလိူဝ်ႇ _bႁူင်းၽိမ်းယုဝ _c2013 |
||
| 300 |
_aၵ၊ x၊ 224 ၼႃႈ _bလွၵ်း _c25 ၸိၼ်ႇထီႇ |
||
| 500 | _aS-SAT: Dr. Prof Sai Aung Tun | ||
| 500 | _aပဵၼ်ပပ်ႉၸဝ်ႈတႃႇၼႁင်းၶေႃ တွၵ်ႉတိူဝ်ႇၸၢႆးဢွင်ႇထုၼ်းလူႇဝႆႉ | ||
| 650 | _aလိၵ်ႈႁူမ်ႈတုမ် | ||
| 942 | _cBK1 | ||
| 942 | _2ddc | ||
| 942 | _2ddc | ||
| 999 |
_c24507 _d24507 |
||